000
00189nam a2200085 4500
001
1234082
005
20250926112755.0
245
_a
FEN KÖYÜ BÜYÜYOR
_c
DURSUN GÜZEL
260
_b
MODEL ÇOCUK
999
_c
1234082
_d
1234082